Bukan hanya dengan kegigihan

Bibliographic Details
Main Author: W.S Uzala
Format: Book
Published: Kuala Lumpur : Eddiplex , 2004
Series:Siri rangkaian motivasi
Subjects:

MARC

LEADER 00000cam a2200000 7i4500
001 0000003768
005 20151222.0
008 070719
020 |a 9838805785(set) 
020 |a 9838805807 
090 0 0 |a JF   |b MOT MAL (4133) 
100 0 |a W.S Uzala 
245 1 0 |a Bukan hanya dengan kegigihan   |c W.S Uzala 
260 |a Kuala Lumpur :   |b Eddiplex ,   |c 2004 
440 |a Siri rangkaian motivasi 
500 |a Children ages 7-9 years old (orange) 
650 0 |a Junior fiction   |x Malay   |x Languages 
650 0 |a Motivation 
999 |a 0000911330   |b Book   |c Children Collection   |e Cawangan Bandar Tenggara 
999 |a 0000975005   |b Book   |c Children Collection   |e Perbadanan Perpustakaan Awam Johor 
999 |a 0000975006   |b Book   |c Children Collection   |e Cawangan Urban Transformation Centre 
999 |a 0000975007   |b Book   |c Children Collection   |e Cawangan Bandar Tenggara 
999 |a 0000975008   |b Book   |c Children Collection   |e Cawangan Urban Transformation Centre 
999 |a 0000975009   |b Book   |c Children Collection   |e Perbadanan Perpustakaan Awam Johor 
999 |a 0001051843   |b Book   |c Children Collection   |e Cawangan Tangkak 
999 |a 0001145293   |b Book   |c Children Collection   |e Cawangan Segamat 
999 |a 0001145294   |b Book   |c Children Collection   |e Cawangan Mersing 
999 |a 0001145295   |b Book   |c Children Collection   |e Cawangan Muar 
999 |a 0001145296   |b Book   |c Children Collection   |e Cawangan Pontian 
999 |a 0001145297   |b Book   |c Children Collection   |e Cawangan Tmn. Ungku Tun Aminah 
999 |a 9838805807   |b Book   |c Children Collection   |e Cawangan Sri Merlong